MARC details
| 000 -LEADER |
| fixed length control field |
04963cam a22004214a 4500 |
| 001 - CONTROL NUMBER |
| control field |
15450918 |
| 003 - CONTROL NUMBER IDENTIFIER |
| control field |
OSt |
| 005 - DATE AND TIME OF LATEST TRANSACTION |
| control field |
20231108123114.0 |
| 008 - FIXED-LENGTH DATA ELEMENTS--GENERAL INFORMATION |
| fixed length control field |
080908s2009 enkabe b 001 0 eng |
| 010 ## - LIBRARY OF CONGRESS CONTROL NUMBER |
| LC control number |
2008038887 |
| 015 ## - NATIONAL BIBLIOGRAPHY NUMBER |
| National bibliography number |
GBA8D1083 |
| Source |
bnb |
| 016 7# - NATIONAL BIBLIOGRAPHIC AGENCY CONTROL NUMBER |
| Record control number |
101483607 |
| Source |
DNLM |
| 016 7# - NATIONAL BIBLIOGRAPHIC AGENCY CONTROL NUMBER |
| Record control number |
014821396 |
| Source |
Uk |
| 020 ## - INTERNATIONAL STANDARD BOOK NUMBER |
| International Standard Book Number |
9780521872461 (hardback) |
| 020 ## - INTERNATIONAL STANDARD BOOK NUMBER |
| International Standard Book Number |
0521872464 (hardback) |
| 035 ## - SYSTEM CONTROL NUMBER |
| System control number |
(OCoLC)ocn253187708 |
| 040 ## - CATALOGING SOURCE |
| Original cataloging agency |
DNLM/DLC |
| Transcribing agency |
DLC |
| Modifying agency |
NLM |
| -- |
BTCTA |
| -- |
YDXCP |
| -- |
UKM |
| -- |
BWKUK |
| -- |
BWK |
| -- |
CDX |
| -- |
TXA |
| -- |
TOZ |
| -- |
DLC |
| 042 ## - AUTHENTICATION CODE |
| Authentication code |
pcc |
| 044 ## - COUNTRY OF PUBLISHING/PRODUCING ENTITY CODE |
| MARC country code |
enk |
| -- |
nyu |
| 050 00 - LIBRARY OF CONGRESS CALL NUMBER |
| Classification number |
QL757 |
| Item number |
.P743 2009 |
| 082 00 - DEWEY DECIMAL CLASSIFICATION NUMBER |
| Classification number |
599.8 PRI 2009 |
| 100 ## - MAIN ENTRY--PERSONAL NAME |
| Personal name |
Edited by Huffman, Michael A.; Chapman, Colin A. |
| 9 (RLIN) |
16842 |
| 245 00 - TITLE STATEMENT |
| Title |
Primate Parasite Ecology : |
| Remainder of title |
the dynamics and study of host-parasite relationships |
| 260 ## - PUBLICATION, DISTRIBUTION, ETC. (IMPRINT) |
| Place of publication, distribution, etc. |
Cambridge, UK ; |
| -- |
New York : |
| Name of publisher, distributor, etc. |
Cambridge University Press, |
| Date of publication, distribution, etc. |
2009. |
| 300 ## - PHYSICAL DESCRIPTION |
| Extent |
xvi, 531 p. : |
| Other physical details |
ill., maps, plans ; |
| Dimensions |
24 cm. |
| 490 1# - SERIES STATEMENT |
| Series statement |
Cambridge studies in biological and evolutionary anthropology ; |
| Volume/sequential designation |
57 |
| 504 ## - BIBLIOGRAPHY, ETC. NOTE |
| Bibliography, etc |
Includes bibliographical references and index. |
| 505 00 - FORMATTED CONTENTS NOTE |
| Title |
Collection methods and diagnostic procedures for primate parasitology / |
| Statement of responsibility |
Ellis C. Greiner and Antoinette McIntosh -- |
| Title |
Methods of collection and identification of minute nematodes from the feces of primates, with special application to coevolutionary study of pinworms / |
| Statement of responsibility |
Hideo Hasegawa -- |
| Title |
The utility of molecular methods for elucidating primate-pathogen relationships : the Oesophagostomum bifurcum example / |
| Statement of responsibility |
Robin B. Gasser, Johanna M. de Gruijter, and Anton M. Polderman -- |
| Title |
The application of endocrine measures in primate parasite ecology / |
| Statement of responsibility |
Michael P. Muehlenbein -- |
| Title |
Using agent-based models to investigate primate disease ecology / |
| Statement of responsibility |
Charles L. Nunn -- |
| Title |
What does a parasite see when it looks at a chimpanzee? / |
| Statement of responsibility |
Michael V. K. Sukhdeo and Suzanne C. Sukhdeo -- |
| Title |
Primate malarias : evolution, adaptation, and species jumping / |
| Statement of responsibility |
Anthony Di Fiore ... [et al.] -- |
| Title |
Disease avoidance and the evolution of primate social connectivity : Ebola, bats, gorillas, and chimpanzees / |
| Statement of responsibility |
Peter D. Walsh, Magdalena Bermejo, and José Domingo RodrÃguez-Teijeiro -- |
| Title |
Primate-parasitic zoonoses and anthropozoonoses : a literature review / |
| Statement of responsibility |
Taranjit Kaur and Jatinder Singh -- |
| Title |
Lice and other parasites as markers of primate evolutionary history / |
| Statement of responsibility |
David L. Reed ... [et al.] -- |
| Title |
Cryptic species and biodiversity of lice from primates / |
| Statement of responsibility |
Natalie P. Leo -- |
| 505 80 - FORMATTED CONTENTS NOTE |
| Title |
Prevalence of Clostridium perfringens in intestinal microflora of non-human primates / |
| Statement of responsibility |
Shiho Fujita, Asami Ogasawara, and Takashi Kageyama -- |
| Title |
Intestinal bacteria of chimpanzees in the wild and in captivity : an application of molecular ecological methodologies / |
| Statement of responsibility |
Kazunari Ushida -- |
| Title |
Gastrointestinal parasites of bonobos in the Lomako Forest, Democratic Republic of Congo / |
| Statement of responsibility |
Jozef Dupain ... [et al.] -- |
| Title |
Habitat disturbance and seasonal fluctuations of lemur parasites in the rain forest of Ranomafana National Park, Madagascar / |
| Statement of responsibility |
Patricia C. Wright ... [et al.] -- |
| Title |
Chimpanzee-parasite ecology at Budongo Forest (Uganda) and the Mahale Mountains (Tanzania) : influence of climatic differences on self-medicative behavior / |
| Statement of responsibility |
Michael A. Huffman ... [et al.] -- |
| Title |
Primate exposure and the emergence of novel retroviruses / |
| Statement of responsibility |
Nathan D. Wolfe and William M. Switzer -- |
| Title |
Overview of parasites infecting howler monkeys, Alouatta sp., and potential consequences of human-howler interactions / |
| Statement of responsibility |
Sylvia K. Vitazkova -- |
| Title |
Primate parasite ecology : patterns and predictions from an ongoing study of Japanese macaques / |
| Statement of responsibility |
Alexander D. Hernandez, Andrew J. MacIntosh, and Michael A. Huffman -- |
| Title |
Crop raiding : the influence of behavioral and nutritional changes on primate-parasite relationships / |
| Statement of responsibility |
Anna H. Weyher -- |
| Title |
Can parasite infections be a selective force influencing primate group size? : a test with red colobus / |
| Statement of responsibility |
Colin A. Chapman, Jessica M. Rothman, and Stacey A. M. Hodder -- |
| Title |
How does diet quality affect the parasite ecology of mountain gorillas? / |
| Statement of responsibility |
Jessica M. Rothman, Alice N. Pell, and Dwight D. Bowman -- |
| Title |
Host-parasite dynamics : connecting primate field data to theory / |
| Statement of responsibility |
Colin A. Chapman, Stacey A. M. Hodder, and Jessica M. Rothman -- |
| Title |
Ways forward in the study of primate disease ecology / |
| Statement of responsibility |
Colin A. Chapman ... [et al.] -- |
| Title |
Useful diagnostic references and images of protozoans, helminths, and nematodes commonly found in wild primates / |
| Statement of responsibility |
Hideo Hasegawa, Colin A. Chapman, and Michael A. Huffman. |
| 650 #0 - SUBJECT ADDED ENTRY--TOPICAL TERM |
| Topical term or geographic name as entry element |
Primates biology |
| 9 (RLIN) |
14448 |
| 650 #0 - SUBJECT ADDED ENTRY--TOPICAL TERM |
| Topical term or geographic name as entry element |
Ecology |
| 9 (RLIN) |
14449 |
| 650 22 - SUBJECT ADDED ENTRY--TOPICAL TERM |
| Topical term or geographic name as entry element |
Ecosystem. |
| 9 (RLIN) |
10960 |
| 830 #0 - SERIES ADDED ENTRY--UNIFORM TITLE |
| Uniform title |
Cambridge studies in biological and evolutionary anthropology ; |
| Volume number/sequential designation |
57. |
| 9 (RLIN) |
14455 |
| 856 41 - ELECTRONIC LOCATION AND ACCESS |
| Materials specified |
Table of contents only |
| Uniform Resource Identifier |
http://www.loc.gov/catdir/toc/fy0904/2008038887.html |
| 906 ## - LOCAL DATA ELEMENT F, LDF (RLIN) |
| a |
7 |
| b |
cbc |
| c |
orignew |
| d |
1 |
| e |
ecip |
| f |
20 |
| g |
y-gencatlg |
| 942 ## - ADDED ENTRY ELEMENTS (KOHA) |
| Source of classification or shelving scheme |
Dewey Decimal Classification |
| Koha item type |
Open Shelf |